Statistiques concernant Harry Potter Animaux

Cliquez ici pour prendre le quiz!

Statistiques générales

  • Ce quiz a été pris 1 856 fois
  • Le résultat moyen est 7 sur 8

Statistiques - réponses

PersonnagesAnimaux% Correct
Harry Potterhedwige
99%
Lord Voldemortnagini
97%
Roncroutard
95%
Hermionepattenrond
95%
Rusardmiss teigne
92%
Hagridcrockdur
88%
Albus Dumbledorfumseck
88%
Neville Londubattrevor
85%

Distribution des résultats

Percentile par nombre de réponses

% des personnes avec chaque résultat

Votre développement - résultats

Vous n’avez pas pris ce quiz